MANAGING RESTROANT & BAR (Record no. 8080)

MARC details
000 -LEADER
fixed length control field 00336nam a22001457a 4500
020 ## - INTERNATIONAL STANDARD BOOK NUMBER
International Standard Book Number 81-8204-044-2
082 ## - DEWEY DECIMAL CLASSIFICATION NUMBER
Classification number 641.2
Item number CHA
100 ## - MAIN ENTRY--PERSONAL NAME
Personal name CHAKRAVARTI, B.K
245 ## - TITLE STATEMENT
Title MANAGING RESTROANT & BAR
260 ## - PUBLICATION, DISTRIBUTION, ETC. (IMPRINT)
Place of publication, distribution, etc DELHI
Name of publisher, distributor, etc AMAN PUBLISHER
Year of Publication 2008
300 ## - PAGE DESCRIPTION
No. of Pages 378
650 ## - SUBJECT ADDED ENTRY--TOPICAL TERM
Topical term or geographic name as entry element HOTEL MANAGEMENT
653 ## - KEYWORDS--INDEX TERM
Keyword term RESTORANT, BAR
942 ## - ADDED ENTRY ELEMENTS (KOHA)
Source of classification or shelving scheme Dewey Decimal Classification
Koha item type Books
Holdings
Withdrawn status Lost status Source of classification or shelving scheme Damaged status Not for loan Collection code Home library Current library Shelving location Date acquired Vendor Name Cost, normal purchase price SGTU Bill Number Total Checkouts Full call number Accession No. (Barcode) Date last seen Bill Date Koha item type
    Dewey Decimal Classification     HOTEL MANAGEMENT SGT Science & Social Sciences Library SGT Science & Social Sciences Library Text Book 10/10/2015 JINDAL BOOK SERVICE 900.00 SGTU 1775   641.2 CHA HM547 10/10/2015 07/09/2015 Books
    Dewey Decimal Classification     HOTEL MANAGEMENT SGT Science & Social Sciences Library SGT Science & Social Sciences Library Text Book 10/10/2015 JINDAL BOOK SERVICE 900.00 SGTU 1775   641.2 CHA HM548 10/10/2015 07/09/2015 Books